|
|
|
|
| LEADER |
00000nab a2200000ua 4500 |
| 001 |
vtls010787558 |
| 003 |
SK-MaSNL |
| 005 |
20260303120242.0 |
| 008 |
230131s1981 xo |||||||||||||||||slo| |
| 035 |
|
|
|a (urnnbn)urn:nbn:sk:snk:ar-a02sz7
|
| 035 |
|
|
|a (uuid)d8a64764-f4a0-404d-a583-7ed3ee04e1ea
|
| 035 |
|
|
|a urn:nbn:sk:snk-ab4o5p
|
| 040 |
|
|
|a SNKBUCL
|b slo
|c SNKBUCL
|e AACR2
|
| 041 |
0 |
|
|a slo
|
| 044 |
|
|
|a xo
|c SK
|
| 100 |
1 |
|
|a Šimková, Gabriela
|4 aut
|9 814540
|
| 245 |
1 |
0 |
|a Práca galérie s učňovskou mládežou
|c Gabriela Šimková
|
| 773 |
0 |
|
|t Múzeum : študijný a informačný materiál
|g Roč. 26, č. 3 (1981), s. 41-44
|
| 954 |
|
|
|a odborná, vedecká literatúra pôvodná (slovenská)
|2 lita
|
| 958 |
|
|
|a OND
|
| 958 |
|
|
|a EUIPO
|
| 958 |
|
|
|a article3
|
| 999 |
|
|
|c 1908429
|d 1910359
|